000 00287nam a2200121Ia 4500
008 190216s9999||||xx |||||||||||||| ||und||
100 _aGopinathan Nair T N
245 0 _aVaitharani
260 _bPoorna Pubs Kozhikode
_c1989
300 _a154p
650 _aMalayalam Novel
942 _cBK
999 _c27425
_d27425